| 000 | 01221nam a22002777a 4500 | ||
|---|---|---|---|
| 001 | 79828 | ||
| 003 | BD-RjUL | ||
| 005 | 20230608124158.0 | ||
| 008 | 220522s2005 bg a|||| m||| 00| 0 eng d | ||
| 035 | _a(BD-RjUL)79828 | ||
| 040 |
_aBD-RjUL _beng _cBD-RjUL _dBD-RjUL |
||
| 041 | _aeng | ||
| 082 |
_223 _a614.1 _bOSS 2005 |
||
| 100 |
_aOsman, Md. Kamal _93108 |
||
| 245 | 1 | 0 |
_aStructural changes of liver and kidney in acute organophosphorus poisoning / _cMd. Kamal Osman ; _6Principal Supervisor : Parvez, Hassan, Co - Supervisor : M. Habibur Rahman, Co - Supervisor : A K M Rownak, Hossain |
| 260 |
_aRajshahi : _bMolecular Biology Laboratory Institute of Biological Sciences, University of Rajshahi, _c2005 |
||
| 300 |
_a# viii, # 99 leaves ; _bill, ; _c29. cm. |
||
| 502 | _aThesis (Ph. D.) -- Molecular Biology Laboratory Institute of Biological Sciences, University of Rajshahi, 2005 | ||
| 504 | _aReferences : Leaves 92 - 97 | ||
| 650 |
_aStructural _vForensic medicine _93109 |
||
| 650 |
_aLiver _vKidney _93110 |
||
| 700 |
_aHassan, Parvez, Principal Supervisor : _93111 |
||
| 700 |
_aRahman, M. Habibur, Co - Supervisor _93112 |
||
| 700 |
_aHossain, A K M Rownak, Co - Supervisor _93113 |
||
| 942 |
_2ddc _cTHE |
||
| 999 |
_c79828 _d79828 |
||